Catfish and The Bottlemen Lyrics - Statistics

General Stats
  • This quiz has been taken 314 times
  • The average score is 7 of 9
Answer Stats
Hint Answer % Correct
I don't think through things, I never get time cause I don't think things through 7
92%
You go all red, like the first time Cocoon
92%
You can leather me with your lips Kathleen
90%
'Cause when you wrap me around your fingers, baby Glasgow
85%
New York, surprise me Emily
84%
She was a different league Heathrow
78%
She's got her own trajectory Oxygen
72%
Until you blew me out my mind Soundcheck
72%
From the minute you regret it to the minute that you let it go Postpone
70%
No matching quizzes found
Score Distribution
Percent of People with Each Score
Percentile by Number Answered
Your Score History
You have not taken this quiz